000 00666nam a2200181Ia 4500
008 090630s9999 xx 000 0 und d
082 _b17718
100 _aपानसे के. वि.
245 _aआहार; रक्तदाब आणि हदरोग.
_cपानसे के. वि.
260 _bकॉन्टीनेंटल.
300 _a0
600 _aपानसे के. वि.
630 _aआहार; रक्तदाब आणि हदरोग.
655 _aइतर.
700 _aपानसे के. वि.
730 _aआहार; रक्तदाब आणि हदरोग.
942 _cBOOK
999 _c269574
_d269574